000 00608nam a22002177a 4500
003 UA-OsUOA
001 72778
007 ta
008 20110127b un ||||| |||| 00| 0 ukr d
100 _aГлущенко В.А.
090 _a81
_bГ55
942 _cSA
040 _aUA-OsUOA
_bukr
_cUA-OsUOA
_dUA-OsUOA
245 _aЛінгвістичний метод і його структура
300 _aС. 32-45
955 _a0
041 _aukr
080 _a81
773 0 _w72775
650 7 _a8 Мовознавство. Художня література. Літературознавство
_2UDC
999 _c359062
_d359062